| 000 | 00692nam a2200241 a 4500 | ||
|---|---|---|---|
| 005 | 20260322212039.0 | ||
| 008 | data | ||
| 010 | _a92-53170 | ||
| 020 | _a0465047912 | ||
| 020 | _a978-0-465-04791-8 | ||
| 090 | _aQP 81.5 F38 1992 | ||
| 100 | 1 |
_aFausto-Sterling, Anne, _d1944- |
|
| 245 | 1 | 0 |
_aMyths of gender : _bbiological theories about women and men / _cAnne Fausto-Sterling. |
| 260 |
_aNew York _bBasic Books _cc1992 |
||
| 300 |
_ax, 310 p. : _b illus. |
||
| 500 | _aIncludes bibloigraphical references (p. 273-295) and index. | ||
| 650 | 0 | 2 | _aFeminism |
| 650 | 4 |
_aHuman biology _xpsychology |
|
| 650 | 0 | 2 | _aPrejudice |
| 650 | 0 | 2 | _aSex Characteristics |
| 650 | 0 | 2 | _aPrejudice |
| 001 | data | ||
| 999 |
_c925 _d925 |
||